Biblioteca

El sufrimiento de Cristo como patrón para el creyente en I Pedro (Registro nro. 51162)

Detalles MARC
000 -LÍDER
Campo fijo de descripción fija 01167cab a2200241 i 4500
001 - NÚMERO DE CONTROL
Campo de control 768714001
003 - IDENTIFICADOR DEL NÚMERO DE CONTROL
Campo de control CO-MdFUSB
005 - FECHA Y HORA DE LA ULTIMA TRANSACCIÓN
control field 20230111084127.0
008 - ELEMENTOS DE LONGITUD FIJA -- INFORMACIÓN GENERAL
Campo fijo de descripción fija -- Información general 180613s1991 gt ||||| |||| 00| 0 spa d
022 ## - NÚMERO INTERNACIONAL NORMALIZADO PARA PUBLICACIONES SERIADAS
Número Internacional Normalizado para Publicaciones Seriadas 1014-9341
040 ## - FUENTE DE CATALOGACIÓN
Agencia Catalogadora CO-MdFUSB
Idioma de catalogación spa
Agencia que realiza la transcripción CO-MdFUSB
Agencia que realiza la modificación CO-MdFUSB
041 ## - CÓDIGO DE IDIOMA
Código de idioma para texto/pista de sonido o título separado spa
100 1# - ASIENTO PRINCIPAL--NOMBRE PERSONAL
Nombre personal Sywulka, Pablo
Término relacionador autor
245 00 - TÍTULO
Título El sufrimiento de Cristo como patrón para el creyente en I Pedro
Mención de responsabilidad / Pablo Sywulka
300 ## - DESCRIPCIÓN FÍSICA
Extensión Número 8 (Enero - Junio, 1991), páginas 53-66
Dimensiones ; 22 cm
520 ## - NOTA DE RESUMEN, ETC.
Nota de sumario, etc. En este artículo se estudia el material que provee Pedro en su primera carta sobre el sufrimiento. La epístola enseña que los sufrimientos de Cristo son un ejemplo para el cristiano. El cristiano debe seguir el ejemplo de Cristo al reaccionar al sufrimiento y reconocer los carios beneficios que son el resultado de sufrir.
600 ## - PUNTO DE ACCESO ADICIONAL DE MATERIA - NOMBRE DE PERSONA
Subdivisión cronológica Jesucristo -- Pasión.
630 07 - PUNTO DE ACCESO ADICIONAL DE MATERIA - TÍTULO UNIFORME
Título uniforme Biblia.
Parte o sección de la obra Pedro, 1ª
650 #0 - ASIENTO SECUNDARIO DE MATERIA - TERMINO TEMÁTICO
Término temático o nombre geográfico como elemento de entrada Teología práctica
9 (RLIN) 180
773 0# - ASIENTO DE ITEM FUENTE
Título Kairós
Biblionumber 49489
Itemnumber 61209
Parte(s) relacionada(s) / Volumen., número. (mes año), páginas Número 8 (Enero - Junio, 1991), páginas 53-66
Enumeración y primera página Página 53
773 0# - ASIENTO DE ITEM FUENTE
Biblionumber 49489
Itemnumber 61208
Parte(s) relacionada(s) / Volumen., número. (mes año), páginas Número 8 (Enero - Junio, 1991), páginas 53-66
Enumeración y primera página página 53
Título Kairós
942 ## - TIPO DE MATERIAL (KOHA)
Tipo de Item KOHA Artículos de Revista

No hay ítems disponibles.

Biblioteca FUSBC | Teléfono: (57+4) 349 88 10 Ext. 141| WhatsApp (+57) 3005338115 
E-mail: biblioteca@unisbc.edu.co | Calle 76 87-14 Robledo Palenque, Medellín, Colombia

Con tecnología Koha